000 01579nam0a2200385 4500
001 RU\NLR\bibl\339532
005 20250621150944.0
010 _a5-94001-024-5
_9100
021 _aRU
_b2002-40691
_91982
035 _a(NLR Aleph) 000334412
090 _a177130
_c177130
100 _a20021104d2002 |||y0rusy50 ca
101 0 _arus
102 _aRU
105 _ay |||||||||
200 1 _aМониторинг качества реализации содержания образования в системе управления профессиональным лицеем
_fМочалов А. Н.
_gПроф. лицей N 47
210 _aСамара
_cПрофи
_d2002
215 _a55 с.
_d21
320 _aБиблиогр.: с. 54-55
606 0 _aНизшее профессиональное образование
_xМониторинг
_92267971
_3RU\NLR\auth\661359471
606 0 _aНачальное профессиональное образование
_xМониторинг
_92267969
_3RU\NLR\auth\661359470
610 0 _aПрофессиональное образование начальное - Мониторинг
610 0 _aЛицеи - Управление
675 _a377.5
_v3
_zrus
686 _a14.31
_2rugasnti
686 _a74.57
_2rubbk
686 _aЧ464(2)к
700 1 _aМочалов
_bА. Н.
_gАлександр Николаевич
_4070
801 0 _aRU
_bRKP
_c20021104
_gPSBO
801 1 _aRU
_bRKP
_c20021104
801 2 _aRU
_bNLR
_c20021216
_grcr
942 _cBOOK
980 _aNB
980 _aNBR